Statistics for Poison Type Pokemon Moves

Click here to take the quiz!

General Stats

  • This quiz has been taken 48 times
  • The average score is 19 of 31

Answer Stats

HintAnswer% Correct
PPoison Sting
94%
SSludge
94%
SSludge Bomb
91%
TToxic
91%
AAcid
88%
PPoison Gas
85%
GGunk Shot
82%
VVenoshock
82%
AAcid Armor
79%
PPoison Fang
79%
PPoison Jab
79%
PPoison Tail
79%
SSludge Wave
79%
SSmog
70%
TToxic Spikes
70%
BBelch
67%
PPoison Powder
67%
VVenom Drench
64%
AAcid Spray
58%
CClear Smog
58%
GGastro Acid
55%
CCross Poison
48%
CCoil
45%
MMax Ooze
42%
AAcid Downpour
36%
BBaneful Bunker
36%
PPurify
30%
TToxic Thread
30%
CCorrosive Gas
24%
GG-Max Malodor
24%
SShell Side Arm
15%

Score Distribution

Percentile by Number Answered

Percent of People with Each Score

Your Score History

You have not taken this quiz